Capitais de Países, Territórios, Ilhas, etc - Statistics

Estatísticas Gerais
  • Esse quiz foi jogado 363 vezes
    127 desde o último reset
  • A pontuação média é 111 de 309
Estatísticas das Respostas
Países Capitais % Correto
Inglaterra | Reino Unido Londres
80%
Alemanha Berlim
77%
Espanha Madrid
74%
França Paris
74%
Itália Roma
74%
Portugal Lisboa
71%
Argentina Buenos Aires
69%
Rússia Moscovo
69%
Estados Unidos Washington D.C.
69%
Brasil Brasília
66%
Bélgica Bruxelas
66%
Ucrânia Kiev
66%
Andorra Andorra-a-Velha
63%
Grécia Atenas
63%
Catalunha Barcelona
63%
Bougainville Buka
63%
México Cidade do México
63%
Irlanda Dublin
63%
Suécia Estocolmo
63%
Finlândia Helsínquia
63%
Israel Jerusalém
63%
Mônaco Monaco
63%
Noruega Oslo
63%
San Marino San Marino
63%
Japão Tóquio
63%
Vaticano Vaticano
63%
Áustria Viena
63%
Colômbia Bogotá
60%
Egito Cairo
60%
África do Sul Cidade do Cabo
60%
Dinamarca Copenhaga
60%
Cuba Havana
60%
Ilha Norfolk | Jamaica Kingston
60%
São Vicente e Granadinas Kingstown
60%
Bolívia La Paz
60%
Luxemburgo Luxemburgo
60%
Canadá Ottawa
60%
República Tcheca Praga
60%
Coréia do Sul Seul
60%
Bulgária Sofia
60%
Croácia Zagreb
60%
Países Baixos Amesterdão
57%
Suíça Berna
57%
Romênia Bucareste
57%
Venezuela Caracas
57%
Escócia Edimburgo
57%
Guiana | Ilha de Ascensão Georgetown
57%
Ilhas Cayman George Town
57%
Peru Lima
57%
Angola Luanda
57%
Uruguai Montevidéu
57%
Chile Santiago
57%
Bolívia Sucre
57%
Hungria Budapeste
54%
Austrália Camberra
54%
Catar Doha
54%
Indonésia Jakarta
54%
Índia Nova Deli
54%
China Pequim
54%
Equador Quito
54%
Anguilla The Valley
54%
País de Gales Cardiff
51%
Gibraltar Gibraltar
51%
El Salvador San Salvador
51%
Albânia Tirana
51%
Nova Zelândia Wellington
51%
Turquia Ancara
49%
Paraguai Assunção
49%
Eslováquia Bratislava
49%
Guatemala Cidade da Guatemala
49%
Panamá Cidade do Panamá
49%
Bielorrússia Minsk
49%
Islândia Reykjavík
49%
Iémen Saná
49%
Bósnia-Herzegovina Sarajevo
49%
Estônia Tallinn
49%
Polônia Varsóvia
49%
Argélia Argel
46%
Tailândia Bangkok
46%
Sérvia Belgrado
46%
República Popular de Donetsk Donetsk
46%
Paquistão Islamabad
46%
Bahamas Nassau
46%
Suriname Paramaribo
46%
Haiti Porto Príncipe
46%
África do Sul Pretória
46%
Kosovo Pristina
46%
Coréia do Norte Pyongyang
46%
Arábia Saudita Riade
46%
Letónia Riga
46%
Honduras Tegucigalpa
46%
Liechtenstein Vaduz
46%
Malta Valeta
46%
Iraque Bagdá
43%
Bangladesh Daca
43%
Djibouti Djibouti
43%
República Popular de Lugansk Lugansk
43%
Nicarágua Manágua
43%
Cabo Verde Praia
43%
Costa Rica San José
43%
República Dominicana Santo Domingo
43%
Lituânia Vilnius
43%
Emirados Árabes Unidos Abu Dhabi
40%
Cazaquistão Astana
40%
Azerbaijão Baku
40%
Líbano Beirute
40%
Belize Belmopan
40%
Barbados Bridgetown
40%
Vietname Hanói
40%
Malásia Kuala Lumpur
40%
Filipinas Manila
40%
Chipre Nicosia
40%
Montenegro Podgorica
40%
Singapura Singapura
40%
Geórgia Tbilisi
40%
Irã Teerã
40%
Gana Accra
37%
Etiópia Adis Abeba
37%
Jordânia Amã
37%
São Cristóvão e Nevis Basseterre
37%
Guadalupe Basse Terre
37%
Irlanda do Norte Belfast
37%
Nepal Catmandu
37%
Moldávia Chișinău
37%
Guiné Conacri
37%
Síria Damasco
37%
Macedónia do Norte Escópia
37%
Kuweit Kuweit City
37%
Eslovénia Liubliana
37%
Moçambique Maputo
37%
Trinidad e Tobago Port-of-Spain
37%
Marrocos Rabat
37%
Granada Saint George's
37%
Antígua e Barbuda Saint John's
37%
Taiwan Taipé
37%
Tunísia Tunes
37%
Mongólia Ulaanbaatar
37%
Camarões Yaoundé
37%
Madagáscar Antananarivo
34%
Guiné-Bissau Bissau
34%
Afeganistão Cabul
34%
Senegal Dakar
34%
Timor Leste Díli
34%
Botswana Gaborone
34%
Burundi Gitega
34%
Gabão Libreville
34%
Omã Mascate
34%
Essuatíni Mbabane
34%
Quênia Nairóbi
34%
Chade N'Djamena
34%
Groênlandia Nuuk
34%
Papua-Nova Guiné Port Moresby
34%
Benin Porto-Novo
34%
Dominica Roseau
34%
São Tomé e Príncipe São Tomé
34%
Sri Lanka Sri Jayawardenapura Kotte
34%
Fiji Suva
34%
Seychelles Victoria
34%
Nigéria Abuja
31%
Eritreia Asmara
31%
Mali Bamako
31%
Brunei Bandar Seri Begawan
31%
África do Sul Bloemfontein
31%
República do Congo Brazzaville
31%
Santa Lúcia Castries
31%
Guiana Francesa Cayenne
31%
Armênia Erevan
31%
Faixa de Gaza Gaza
31%
Zimbábue Harare
31%
Ilhas Salomão Honiara
31%
República Democrática do Congo Kinshasa
31%
Togo Lomé
31%
Zâmbia Lusaka
31%
Maldivas Malé
31%
Bahrein Manama
31%
Lesoto Maseru
31%
Birmânia Naypyidaw
31%
Tonga Nukuʻalofa
31%
Burkina Faso Ouagadougou
31%
Estados Federados da Micronésia Palikir
31%
Açores Ponta Delgada
31%
Uzbequistão Tasquente
31%
Líbia Trípoli
31%
Laos Vientiane
31%
Namíbia Windhoek
31%
Costa do Marfim Yamoussoukro
31%
Samoa Apia
29%
Turquemenistão Asgabate
29%
Gâmbia Banjul
29%
Quirguistão Bisqueque
29%
Sudão Cartum
29%
Tajiquistão Duchambé
29%
Serra Leoa Freetown
29%
Tuvalu Funafuti
29%
Açores Horta
29%
Malawi Lilongwe
29%
Ilhas Marshall Majuro
29%
Libéria Monróvia
29%
Comores Moroni
29%
Aruba | Santo Eustáquio Oranjestad
29%
Camboja Phnom Penh
29%
Vanuatu Port Vila
29%
Quebec Quebec
29%
Porto Rico San Juan
29%
Sealand Sealand
29%
Kiribati Tarawa
29%
Butão Thimbu
29%
Nauru Yaren
29%
Açores Angra do Heroísmo
26%
República Centro-Africana Bangui
26%
Sardenha Cagliari
26%
Tanzânia Dodoma
26%
Ilha de Man Douglas
26%
Bermudas Hamilton
26%
Sudão do Sul Juba
26%
Uganda Kampala
26%
Ruanda Kigali
26%
Guiné Equatorial Malabo
26%
Somália Mogadíscio
26%
Palau Ngerulmud
26%
Mauritânia Nouakchott
26%
Saba The Bottom
26%
Transnistria Tiráspol
26%
Curaçao Willemstad
26%
Benin Cotonou
23%
Ilha Christmas Flying Fish Cove
23%
Níger Niamey
23%
Montserrat Plymouth
23%
Maurícia Port Louis
23%
Palestina Ramallah
23%
Ilhas Virgens Britânicas Road Town
23%
Terras Austrais e Antárticas Francesas Saint Pierre
23%
São Pedro e Miquelão Saint-Pierre
23%
Ilhas Malvinas Stanley
23%
Abecásia Sucumi
23%
Ilhas Faroé Tórshavn
23%
Montserrat Brades
20%
Gagaúzia Comrat
20%
Martinica Fort-de-France
20%
Madeira Funchal
20%
Ilhas Cocos Ilha Ocidental
20%
Palestina Jerusalém Oriental
20%
Monte Atos Karyes
20%
Bonaire Kralendijk
20%
Ilhas Aland Mariehamn
20%
Chipre do Norte Nicósia do Norte
20%
Samoa Americana Pago Pago
20%
São Martinho (Países Baixos) Phillipsburg
20%
Jersey Saint Helier
20%
Guernsey Saint Peter Port
20%
Ilhas Canárias Santa Cruz de Tenerife
20%
Costa do Marfim Abidjã
17%
Ilhas Cook Avarua
17%
Cabinda Cabinda
17%
Ilhas Virgens Americanas Charlotte Amalie
17%
Ilha do Príncipe Eduardo Charlottetown
17%
Ilhas Turks e Caicos Cockburn Town
17%
Território Britânico do Oceano Índico Diego Garcia
17%
Ilha de Páscoa Hanga Roa
17%
Svalbard e Jan Mayen Longyearbyen
17%
São Martinho (França) Marigot
17%
Wallis e Futuna Mata-Utu
17%
Nova Caledônia Nouméa
17%
Polinésia Francesa Papeete
17%
Santo André, Providência e Santa Catarina San Andrés
17%
Arquipélago Juan Fernández San Juan Bautista
17%
Niue Alofi
14%
São Bartolomeu Gustávia
14%
Guam Hagåtña
14%
Sakha Iacutusque
14%
Lapônia Luleå
14%
Melilla Melilla
14%
Ilhas Geórgia do Sul e Sandwich do Sul Ponto do Rei Eduardo
14%
Ilhas Marianas Setentrionais Saipan
14%
Crimeira Simferopol
14%
Lapônia Tromsø
14%
Ilhas Pitcairn Adamstown
11%
Tristão da Cunha Edimburgo dos Sete Mares
11%
Somalilândia Hargeisa
11%
Essuatíni Lobamba
11%
Mayotte Mamudzu
11%
Ilhas Galápagos Puerto Baquerizo Moreno
11%
Reunião Saint Denis
11%
Ossétia do Sul Tskhinvali
11%
País Basco Vitória-Gasteiz
11%
Curdistão Iraquiano Arbil
9%
Saara Ocidental El Aiune
9%
Puntlândia Garoowe
9%
Socotra Hadibu
9%
Santa Helena Jamestown
9%
Tibete Lhasa
9%
Tokelau Nukunonu
9%
Lapônia Rovaniemi
9%
Zanzibar Zanzibar
9%
Darfur El-Fasher
6%
Acrotíri e Deceleia Episcópi
6%
Nagorno-Karabakh Khankendi
6%
Ilhas Canárias Las Palmas
6%
Rotuma Motusa
6%
Darfur Niala
6%
Ilha Chatham Waitangi
6%
Darfur Al-Junaynah
3%
Volkstaat Kimberley
3%
Papua Ocidental Manokwari
3%
Volkstaat Orânia
3%
Nenhum quiz correspondente encontrado
Distribuição das Pontuações
Porcentagem de Pessoas com Cada Pontuação
Percentil de Números Respondidos
Sua Pontuação Histórica
Você não jogou esse quiz desde o último reset